| 000 | 00741cab a2200241 4500 | ||
|---|---|---|---|
| 001 | WB3401-95 | ||
| 008 | 090401t1998 xxu||||| |||| 00| 0 eng d | ||
| 035 | _a(Sirsi) u82730 | ||
| 041 | _aeng | ||
| 245 | _aLandfill tax has small effect | ||
| 260 | _c1998 | ||
| 350 | _a0 | ||
| 490 |
_aThe Waste Manager _vDecember 1997/January 1998, 7(1) |
||
| 520 | _aAccording to research by Ecotec for Friends of the Earth, the landfill tax has a miniscule effect on company finances, resulting in no increase in recycling and waste minimisation. | ||
| 650 | _aCOMPANIES | ||
| 650 | _aECOTEC | ||
| 650 | _aFINANCES | ||
| 650 | _aFRIENDS OF THE EARTH | ||
| 650 | _aLANDFILL TAX | ||
| 690 | _aTAXATION | ||
| 942 | _n0 | ||
| 948 | _c16/12/1997 | ||
| 999 |
_c52252 _d52252 |
||